Water pollution with nitrates and nitrites; Перспективы развития фундаментальных наук; Т. 2 : Химия
| Parent link: | Перспективы развития фундаментальных наук=Prospects of Fundamental Sciences Development: сборник научных трудов XIV Международной конференции студентов, аспирантов и молодых ученых, г. Томск, 25-28 апреля 2017 г./ Национальный исследовательский Томский политехнический университет (ТПУ) ; под ред. И. А. Курзиной, Г. А. Вороновой.— , 2017 Т. 2 : Химия.— 2017.— [С. 117-119] |
|---|---|
| 1. Verfasser: | |
| Körperschaft: | |
| Weitere Verfasser: | |
| Zusammenfassung: | Заглавие с экрана Данная статья посвящена рассмотрению проблемы загрязнения вод нитратами и нитритами. Представлено обзорное описание загрязнения вод в мире, описаны причины появления нитратов и нитритов в подземных водах, предложены пути решения очистки воды, путём использования активированного угля, цеолитов и других способов. |
| Sprache: | Englisch |
| Veröffentlicht: |
2017
|
| Schlagworte: | |
| Online-Zugang: | http://earchive.tpu.ru/handle/11683/41355 |
| Format: | MixedMaterials Elektronisch Buchkapitel |
| KOHA link: | https://koha.lib.tpu.ru/cgi-bin/koha/opac-detail.pl?biblionumber=622745 |
MARC
| LEADER | 00000naa2a2200000 4500 | ||
|---|---|---|---|
| 001 | 622745 | ||
| 005 | 20231221103543.0 | ||
| 035 | |a (RuTPU)RU\TPU\conf\21547 | ||
| 035 | |a RU\TPU\conf\21540 | ||
| 090 | |a 622745 | ||
| 100 | |a 20170706d2017 k y0rusy50 ba | ||
| 101 | 0 | |a eng | |
| 102 | |a RU | ||
| 105 | |a y z 100zy | ||
| 135 | |a drcn ---uucaa | ||
| 181 | 0 | |a i | |
| 182 | 0 | |a b | |
| 200 | 1 | |a Water pollution with nitrates and nitrites |d Электрохимические свойства наночастиц серебра на графитовом электроде |f K. I. Merkel |g ling. adv. O. P. Kabrysheva | |
| 203 | |a Текст |c электронный | ||
| 300 | |a Заглавие с экрана | ||
| 320 | |a [Библиогр.: с. 119 (9 назв.)] | ||
| 330 | |a Данная статья посвящена рассмотрению проблемы загрязнения вод нитратами и нитритами. Представлено обзорное описание загрязнения вод в мире, описаны причины появления нитратов и нитритов в подземных водах, предложены пути решения очистки воды, путём использования активированного угля, цеолитов и других способов. | ||
| 461 | 1 | |0 (RuTPU)RU\TPU\conf\21388 |t Перспективы развития фундаментальных наук |l Prospects of Fundamental Sciences Development |o сборник научных трудов XIV Международной конференции студентов, аспирантов и молодых ученых, г. Томск, 25-28 апреля 2017 г. |o в 7 т. |f Национальный исследовательский Томский политехнический университет (ТПУ) ; под ред. И. А. Курзиной, Г. А. Вороновой |d 2017 | |
| 463 | 1 | |0 (RuTPU)RU\TPU\conf\21390 |t Т. 2 : Химия |v [С. 117-119] |d 2017 | |
| 510 | 1 | |a Загрязнение воды нитратами и нитритами |z rus | |
| 610 | 1 | |a труды учёных ТПУ | |
| 610 | 1 | |a электронный ресурс | |
| 610 | 1 | |a загрязнения | |
| 610 | 1 | |a активированный уголь | |
| 610 | 1 | |a цеолиты | |
| 610 | 1 | |a нитраты | |
| 610 | 1 | |a нитриты | |
| 700 | 1 | |a Merkel |b K. I. | |
| 702 | 1 | |a Kabrysheva |b O. P. |c linguist |c Senior Lecturer of Tomsk Polytechnic University |f 1976- |g Oksana Pavlovna |4 695 |9 16568 | |
| 712 | 0 | 2 | |a Национальный исследовательский Томский политехнический университет (ТПУ) |b Физико-технический институт (ФТИ) |b Кафедра иностранных языков физико-технического института (ИЯФТ) |3 (RuTPU)RU\TPU\col\18736 |
| 801 | 2 | |a RU |b 63413507 |c 20170718 |g RCR | |
| 856 | 4 | |u http://earchive.tpu.ru/handle/11683/41355 | |
| 942 | |c BK | ||